000 00471nam a2200181Ia 4500
001 19251
005 20260306171730.0
008 260306s9999||||xx |||||||||||||| ||und||
041 _aESP
082 _a658.812
_bM22
100 _aManning, Harley,
_eAUT
245 0 _aOutside in :
_bthe power of putting customers at the center of your business
260 _c2012
300 _a260 páginas :
_c24 cm.
650 _aGEN
654 _aCAN
942 _cLIB
_dJUS
_fJUS
_2ddc
_n
999 _c19251
_d19251